000 00597nam a2200181 i 4500
001 58468
003 ES-MaACL
005 20250826083348.0
007 t|
008 031022s1933 fr ||||1| fre d
245 0 0 _aDurée de travail et chômage
_b: rapport de la conférence préparatoire (10-25 janvier 1933).
260 _aGenève :
_bBureau international du travail,
_c1933.
300 _a31 p, 215 p. ;
_c24 cm.
500 _aPrecede al tit.: Bureau Intrnational du travail.
710 1 _aOficina Internacional del Trabajo
_96023
852 _aES-MaACL
_jA-1490
999 _c58468
_d58468